| 000 | 01436nam a2200253Ii 4500 | ||
|---|---|---|---|
| 003 | JO-AjNU | ||
| 005 | 20240624121151.0 | ||
| 008 | 230605s9999||||xx |||||||||||||| ||und|| | ||
| 040 |
_aJO-AjNU _bara _erda _cJO-AjNU |
||
| 041 | _aara | ||
| 050 | 1 | 4 | _aHD30.213.2020 |
| 100 | 1 |
_aالحسينات، ديانا محمود يوسف _eمعد _965545 |
|
| 245 | 0 | 0 |
_aدور استخدام التطبيقات الالكترونية في تحسين جودة الخدمات في بلدية اربد الكبرى من وجهة نظر المستفيدين = The Role Using of Electronic Applications in Developing Services Quality in the Greater Irbid Municipality from Beneficiaries point view / _cاعداد ديانا محمود يوسف الحسينات؛ اشراف عيسى المومني، فوزي حسن الطعاني |
| 264 | 3 | 1 | _a 2020 |
| 300 | _a144 ورقة | ||
| 336 |
_atext _btxt _2rdacontent |
||
| 337 |
_aunmediated _bn _2rdamedia |
||
| 338 |
_avolume _bnc _2rdacarrier |
||
| 500 | _aرسالة جامعية(اطروحة ماجستير) جامعة عجلون الوطنية: كلية ادارة الاعمال، ادارة الاعمال، 2020 | ||
| 650 | 4 |
_aالادارة-معالجة البيانات الكترونيا-بلدية اربد _961027 |
|
| 700 | 1 |
_aالمومني، ياسر عيسى _eمشرف رئيسي _965196 |
|
| 700 | 1 |
_aالطعاني، فوزي حسن _eمشرف مشارك _965547 |
|
| 942 |
_2lcc _cTHS |
||
| 999 |
_c31127 _d31127 |
||